Culture G #1 - Statistiques

Statistiques générales
  • Ce quiz a été pris 31 fois
  • Le résultat moyen est 5 sur 15
Statistiques - réponses
Questions Réponses % Correct
Combien de lettres comporte l'alphabet grec ? 24
78%
En quelle année est sorti la chanson "Désenchantée" de Mylène Farmer ? 1991
67%
Donner le nom d'un néerlandais ayant remporté 3 fois le ballon d'or. Johan Cruyff / Marco van Basten
59%
En mathématiques, comment est qualifié un ensemble ne possédant aucun élément ? Vide
59%
Quelle est la capitale du Nigéria ? Abuja
48%
Sur quel réseau social fondé en 2005 peut-on "Upvote" ou encore "Downvote" ? Reddit
44%
Quel est le seul animal au monde à produire des excréments cubiques ? Wombat
30%
Dans quel film de 1994 Thierry Lhermitte campe-t-il un trader parti demander le divorce à sa femme exilée sur un autre continent ? Un Indien dans la ville
26%
Quelle chanteuse américaine est connue pour son titre "A Thousand Miles" tiré de son album "Be Not Nobody". Cette chanson est notamment connue pour son clip où on la voit jouer du piano en traversant des décors, réalisé sans effets spéciaux. Vanessa Carlton
26%
Qui a peint "Des Glaneuses" en 1857, œuvre appartenant au mouvement du réalisme ? Jean-François Millet
22%
Récemment détrôné par Cyprien, quel est le prénom de l'ancien champion des 12 Coups de Midi n'ayant lui aussi jamais perdu ? Xavier
22%
Quel est le nom de l'écrivaine de "La Cabane Magique", une série de livres de jeunesse dans laquelle on retrouve Tom et Léa évoluer dans des aventures tout au long des époques ? Mary Pope Osborne
19%
Avec Daniel Chenevez et José Tamarin, quel est l'autre membre du groupe Niagara, formé de 1982 à 1993 ? Muriel Moreno
15%
Sur Youtube, sous quel pseudonyme est mieux connu Alexis Christian Breut ? Il est notamment connu grâce à ses vidéos traitant de cinéma, de musique, et de pop culture en général. LinkTheSun
11%
Quel est le nom de l'unique premier ministre de Nicolas Sarkozy ? François Fillont
7%
Aucun quiz correspondant
Distribution des résultats
% des personnes avec chaque résultat
Percentile par nombre de réponses
Votre historique - résultats
Vous n’avez pas pris ce quiz